Big Brother All Stars USA (clickable) Quiz Stats

 Plays Quiz not verified by Sporcle

Score 0/20 Timer 10:00
0 Plays Today
% Correct
Ivette
92.2%
1
83%
Alison
69.8%
Janelle
65.2%
Janelle
64.9%
Mike 'Boogie'
58.9%
Kaysar
58.6%
Mike 'Boogie'
57.8%
6
56.9%
Kaysar
56.6%
% Correct
6
55.5%
9
53.7%
Mike 'Boogie'
53.2%
Marcellas
49.7%
Howie
47.4%
7
42%
5
40.8%
Danielle
39.4%
'Chicken' George
37.4%
Will
19%

You're not logged in!

Compare scores with friends on all Sporcle quizzes.
OR
Log In

Sporcle TV

Today on Sporcle TV


Watch our educational content, quiz creation guides, and fun videos on Sporcle TV.

Show Comments

Extras

Top Quizzes Today


Score Distribution

Your Account Isn't Verified!

In order to create a playlist on Sporcle, you need to verify the email address you used during registration. Go to your Sporcle Settings to finish the process.

Report this User

Report this user for behavior that violates our Community Guidelines.

Details: